| 000 | 00542cam a22001814a 4500 | ||
|---|---|---|---|
| 020 | _a1879906511 | ||
| 020 | _a9781879906518 | ||
| 040 | _cCOO | ||
| 082 | _a631 ADE 2002 A042 Or. | ||
| 245 | 0 | 0 | _aPostharvest technology of horticultural crops / |
| 250 | _aThird edition | ||
| 300 |
_avii, 535 pages : _billustrations (some color) ; _c28 cm |
||
| 490 | 1 | _aPublication / University of California, Agriculture and Natural Resources ; | |
| 650 | 0 | _aHorticultural crops | |
| 650 | 0 | _aFood crops | |
| 700 | 1 | _aKader, Adel A. | |
| 942 | _cAEDBB | ||
| 999 |
_c20822 _d20822 |
||